| 000 | 00624nam a2200193 i 4500 | ||
|---|---|---|---|
| 001 | 184612 | ||
| 003 | ES-MaACL | ||
| 005 | 20250916063101.0 | ||
| 008 | 151027s1936 sp |||| | spa d | ||
| 100 | 1 |
_aRiber, Llorenç, _d1881-1958 _996765 |
|
| 245 | 1 | 0 |
_aAurelio Prudencio / _cpor Lorenzo Riber. |
| 260 |
_aBarcelona : _bLabor, _c1936. |
||
| 300 |
_a248 p. : _b6 lám. ; _c19 cm. |
||
| 490 | 1 |
_aColección Pro Ecclesia et Patria ; _v6 |
|
| 600 | 0 | 4 |
_aPrudencio Clemente, Aurelio. _994069 |
| 830 | 0 |
_aColección Pro Ecclesia et Patria ; _v6 _9192193 |
|
| 852 |
_aES-MaACL _jC-29139 |
||
| 999 |
_c184612 _d184612 |
||